Personnages historiques en images commençant par un B. - Statistiques

Statistiques générales
  • Ce quiz a été pris 1 255 fois
    1 243 depuis la dernière actualisation
  • Le résultat moyen est 6 sur 10
Statistiques - réponses
Par images Hint Réponse % Correct
Musicien Ludwig van Beethoven
96%
Fils adoptif de Jules César Brutus
83%
Poète Charles Baudelaire
76%
Écrivain français Honoré de Balzac
72%
Musicien Jean-Sébastien Bach
70%
Inventeur du téléphone Alexander Graham Bell
69%
Premier consul Napoléon Bonaparte
67%
Président du Conseil Léon Blum
40%
Chevalier de François Ier Chevalier Bayard
28%
Scientifique des Lumières Georges-Louis de Buffon
9%
Aucun quiz correspondant
Distribution des résultats
% des personnes avec chaque résultat
Percentile par nombre de réponses
Votre historique - résultats
Vous n’avez pas pris ce quiz depuis la dernière actualisation